[Event "GEO-ch 79th"]
[Site "Tbilisi"]
[Date "2020.02.09"]
[Round "4.3"]
[White "Gagunashvili, Merab"]
[Black "Arutinian, David"]
[Result "1/2-1/2"]
[WhiteElo "2580"]
[BlackElo "2551"]
[PlyCount "141"]
[EventDate "2020.01.29"]
[EventType "k.o."]
[EventRounds "4"]
[EventCountry "GEO"]
[SourceTitle "CBM 194 Extra"]
[Source "ChessBase"]
[SourceDate "2020.03.31"]
[SourceVersion "1"]
[SourceVersionDate "2020.03.31"]
[SourceQuality "1"]

1. Nf3 Nf6 2. c4 e6 3. g3 d5 4. Bg2 d4 5. 0-0 c5 6. e3 Nc6 7. exd4 cxd4 8. d3 h6 9. Bf4 Bd6 10. Bxd6 Qxd6 11. Nbd2 0-0 12. Rc1 e5 13. a3 Qc7 14. b4 Bf5 15. Qe2 Rfe8 16. Nh4 Bh7 17. Ne4 Nxe4 18. Bxe4 Bxe4 19. Qxe4 Re6 20. Nf3 Rae8 21. Nd2 Nb8 22. c5 Nd7 23. Nc4 Nf6 24. Qg2 e4 25. Nd6 R8e7 26. dxe4 Nxe4 27. Nxe4 Rxe4 28. Qf3 Qd7 29. Rcd1 Qd5 30. Rd2 b6 31. cxb6 axb6 32. Rfd1 Rd7 33. Kg2 Rd6 34. Kg1 h5 35. h4 g6 36. Rd3 Kg7 37. Qg2 Qe5 38. a4 Re1+ 39. Kh2 Re2 40. a5 bxa5 41. bxa5 Ra2 42. Qf1 Rf6 43. R1d2 Qxa5 44. Qe2 Rxd2 45. Rxd2 Qd5 46. Qd1 Rf3 47. Qa1 Rf6 48. Qxd4 Qxd4 49. Rxd4 Rxf2+ 50. Kg1 Rc2 51. Ra4 Kf6 52. Ra5 Ke6 53. Rb5 Rd2 54. Ra5 Rd5 55. Ra7 f6 56. Kg2 Kf5 57. Ra4 Rd2+ 58. Kf3 Rd3+ 59. Kf2 Rd5 60. Rb4 Re5 61. Kf3 g5 62. hxg5 fxg5 63. Ra4 Rb5 64. Rc4 Rb3+ 65. Kg2 Rb2+ 66. Kg1 g4 67. Rc5+ Ke4 68. Rxh5 Kf3 69. Ra5 Re2 70. Ra3+ Re3 71. Ra1 1/2-1/2

[Event "GEO-ch 79th"]
[Site "Tbilisi"]
[Date "2020.01.30"]
[Round "1.2"]
[White "Akhvlediani, Irakli"]
[Black "Arutinian, David"]
[Result "1/2-1/2"]
[WhiteElo "2353"]
[BlackElo "2551"]
[PlyCount "59"]
[EventDate "2020.01.29"]
[EventType "k.o."]
[EventRounds "4"]
[EventCountry "GEO"]
[SourceTitle "CBM 194 Extra"]
[Source "ChessBase"]
[SourceDate "2020.03.31"]
[SourceVersion "1"]
[SourceVersionDate "2020.03.31"]
[SourceQuality "1"]

1. d4 Nf6 2. c4 e6 3. Nf3 b6 4. g3 Bb7 5. Bg2 Be7 6. 0-0 0-0 7. Re1 Na6 8. Nc3 d5 9. cxd5 exd5 10. Bf4 c5 11. dxc5 Nxc5 12. Nd4 Nfe4 13. Rc1 Nxc3 14. Rxc3 a5 15. Nf5 Ne6 16. Rd3 Bb4 17. Bd2 Qf6 18. Ne3 d4 19. Nd5 Bxd5 20. Bxd5 Bxd2 21. Qxd2 Rad8 22. Bxe6 fxe6 23. Rf3 Qe5 24. Rxf8+ Rxf8 25. Rd1 Rd8 26. e3 d3 27. Qc3 Qd5 28. Qc7 e5 29. Qxb6 e4 30. Qb3 1/2-1/2

[Event "Tbilisi Maia Cup rapid"]
[Site "Tbilisi"]
[Date "2019.09.05"]
[Round "1"]
[White "Arutinian, David"]
[Black "Elashvili, Giorgi"]
[Result "1-0"]
[WhiteElo "2551"]
[BlackElo "1937"]
[PlyCount "73"]
[EventDate "2019.09.05"]
[EventType "swiss (rapid)"]
[EventRounds "9"]
[EventCountry "GEO"]
[SourceTitle "EXT 2020"]
[Source "ChessBase"]
[SourceDate "2019.10.17"]
[SourceVersion "1"]
[SourceVersionDate "2019.10.17"]
[SourceQuality "1"]

1. Nf3 Nf6 2. c4 e6 3. e3 d5 4. b3 Be7 5. Bb2 0-0 6. Nc3 b6 7. g3 c5 8. Bg2 Nc6 9. 0-0 Bb7 10. cxd5 exd5 11. d4 cxd4 12. Nxd4 Nxd4 13. Qxd4 Bc5 14. Qd3 Qc8 15. Rac1 Rd8 16. Nb5 a6 17. Bxf6 gxf6 18. Nd4 Qd7 19. Rfd1 Rac8 20. h4 Ba3 21. Rxc8 Qxc8 22. Kh2 Bf8 23. Bh3 Qc5 24. Bf5 h6 25. Qe2 Bc8 26. Qg4+ Kh8 27. Bxc8 Qxc8 28. Qf4 Bg7 29. Rd2 Qc5 30. Rc2 Qd6 31. Qg4 Qd7 32. Qf3 b5 33. Rc6 f5 34. Qxf5 Bxd4 35. Rxh6+ Kg7 36. Qg5+ Kf8 37. exd4 1-0

[Event "Tbilisi Maia Cup rapid"]
[Site "Tbilisi"]
[Date "2019.09.05"]
[Round "5"]
[White "Arutinian, David"]
[Black "Magalashvili, Davit"]
[Result "0-1"]
[WhiteElo "2551"]
[BlackElo "2500"]
[PlyCount "142"]
[EventDate "2019.09.05"]
[EventType "swiss (rapid)"]
[EventRounds "9"]
[EventCountry "GEO"]
[SourceTitle "EXT 2020"]
[Source "ChessBase"]
[SourceDate "2019.10.17"]
[SourceVersion "1"]
[SourceVersionDate "2019.10.17"]
[SourceQuality "1"]

1. Nf3 c5 2. c4 Nc6 3. Nc3 Nf6 4. e3 e5 5. a3 d6 6. Be2 Be7 7. 0-0 0-0 8. d4 e4 9. Ng5 Bf5 10. d5 h6 11. dxc6 hxg5 12. cxb7 Rb8 13. f3 Rxb7 14. fxe4 Be6 15. Bd3 Ng4 16. Nd5 Ne5 17. Be2 Bxd5 18. exd5 Qd7 19. Rb1 Rfb8 20. Qc2 g6 21. Bd2 Rb3 22. Bc3 Bf8 23. Rbe1 Bg7 24. Bd1 Rxc3 25. bxc3 Nxc4 26. Qa2 Ne5 27. Be2 Qe7 28. Rb1 Re8 29. Qd2 g4 30. e4 Qh4 31. Qf4 Bh6 32. Qf6 Bg5 33. Qxd6 g3 34. h3 Qxe4 35. Bb5 Rd8 36. Qc7 Kg7 37. Rbe1 Be3+ 38. Kh1 Rh8 39. Rxf7+ Nxf7 40. Qxg3 Bf4 41. Rxe4 Bxg3 42. Rg4 Bd6 43. Ra4 Rb8 44. c4 Rb7 45. Ra6 Kf6 46. Kg1 Ke5 47. Kf2 Ng5 48. Ke3 Ne4 49. Rc6 Rc7 50. Ra6 Ng3 51. Kd3 g5 52. Bc6 Nf5 53. Bb5 Nh4 54. Ke3 Nxg2+ 55. Kf3 Nf4 56. Kg4 Rh7 57. Kxg5 Nxh3+ 58. Kg6 Rc7 59. Kh5 Nf4+ 60. Kg4 Ne2 61. Be8 Re7 62. Ba4 Nd4 63. Kg3 Nf5+ 64. Kf2 Kd4 65. Bc2 Ne3 66. Bb3 Rf7+ 67. Ke2 Rb7 68. Rxd6 Rxb3 69. Ra6 Rb7 70. d6 Nxc4 71. Rc6 Kd5 0-1

[Event "Tbilisi Maia Cup rapid"]
[Site "Tbilisi"]
[Date "2019.09.05"]
[Round "4"]
[White "Jobava, Baadur"]
[Black "Arutinian, David"]
[Result "1/2-1/2"]
[WhiteElo "2617"]
[BlackElo "2551"]
[PlyCount "89"]
[EventDate "2019.09.05"]
[EventType "swiss (rapid)"]
[EventRounds "9"]
[EventCountry "GEO"]
[SourceTitle "EXT 2020"]
[Source "ChessBase"]
[SourceDate "2019.10.17"]
[SourceVersion "1"]
[SourceVersionDate "2019.10.17"]
[SourceQuality "1"]

1. b3 d5 2. Bb2 c5 3. e3 Nf6 4. f4 g6 5. Nf3 Bg7 6. Be2 0-0 7. 0-0 Nc6 8. Ne5 Qc7 9. Nxc6 Qxc6 10. Bf3 Qd7 11. Be5 b6 12. d3 Bb7 13. Nd2 Rfd8 14. a4 Ne8 15. a5 f6 16. Bb2 Nd6 17. Qe2 e6 18. g3 Re8 19. Bg2 e5 20. fxe5 fxe5 21. e4 d4 22. h4 Rf8 23. Nf3 Qe7 24. Bc1 Nf7 25. Bd2 Rae8 26. axb6 axb6 27. Bh3 Bc8 28. Bxc8 Rxc8 29. Kg2 Ra8 30. h5 Qe6 31. hxg6 hxg6 32. Nh2 Qc6 33. Qg4 Rxa1 34. Rxa1 Bh6 35. Bxh6 Nxh6 36. Qh3 Kg7 37. Nf3 Qf6 38. Ra7+ Kg8 39. g4 Nf7 40. Qh2 Ng5 41. Nxg5 Qf1+ 42. Kg3 Qf4+ 43. Kg2 Qf1+ 44. Kg3 Qf4+ 45. Kg2 1/2-1/2

[Event "EU-ch 20th"]
[Site "Skopje"]
[Date "2019.03.26"]
[Round "8"]
[White "Arutinian, David"]
[Black "Moiseenko, Alexander"]
[Result "1/2-1/2"]
[WhiteElo "2555"]
[BlackElo "2648"]
[PlyCount "38"]
[EventDate "2019.03.18"]
[EventType "swiss"]
[EventRounds "11"]
[EventCountry "MKD"]
[SourceTitle "CBM 189"]
[Source "ChessBase"]
[SourceDate "2019.04.29"]
[SourceVersion "1"]
[SourceVersionDate "2019.04.29"]
[SourceQuality "1"]

1. Nf3 Nf6 2. c4 e6 3. e3 d5 4. b3 Bd6 5. Bb2 b6 6. Nc3 0-0 7. Qc2 c5 8. Ng5 d4 9. Nce4 Nxe4 10. Qxe4 Qxg5 11. Qxa8 Qe7 12. Qf3 e5 13. Bd3 f5 14. e4 fxe4 15. Qxe4 Bf5 16. Qd5+ Be6 17. Qe4 Bf5 18. Qd5+ Be6 19. Qe4 Bf5 1/2-1/2

[Event "EU-ch 20th"]
[Site "Skopje"]
[Date "2019.03.25"]
[Round "7"]
[White "Van Foreest, Jorden"]
[Black "Arutinian, David"]
[Result "1/2-1/2"]
[WhiteElo "2621"]
[BlackElo "2555"]
[PlyCount "79"]
[EventDate "2019.03.18"]
[EventType "swiss"]
[EventRounds "11"]
[EventCountry "MKD"]
[SourceTitle "CBM 189"]
[Source "ChessBase"]
[SourceDate "2019.04.29"]
[SourceVersion "1"]
[SourceVersionDate "2019.04.29"]
[SourceQuality "1"]

1. e4 c6 2. Nf3 d5 3. Nc3 dxe4 4. Nxe4 Nf6 5. Qe2 Qd5 6. Nxf6+ gxf6 7. g3 Qe6 8. a4 a5 9. d4 Qxe2+ 10. Bxe2 Bf5 11. c3 e6 12. Nd2 Bd6 13. h4 h5 14. Nc4 Bc7 15. Bf4 Bxf4 16. gxf4 Ke7 17. Ne3 Be4 18. Rg1 Nd7 19. 0-0-0 Rag8 20. Rge1 Nb6 21. f5 Nd5 22. fxe6 fxe6 23. Nxd5+ cxd5 24. Rg1 Bg6 25. Rg3 Be8 26. Rdg1 Kf8 27. b3 Rxg3 28. Rxg3 Rg8 29. Rxg8+ Kxg8 30. c4 dxc4 31. Bxc4 Bf7 32. Kd2 Kf8 33. f4 Ke7 34. Kc3 Be8 35. Be2 Kd6 36. Bf3 b6 37. Kc4 Kc7 38. Bd1 Kd6 39. Bf3 Kc7 40. Bd1 1/2-1/2

[Event "EU-ch 20th"]
[Site "Skopje"]
[Date "2019.03.24"]
[Round "6"]
[White "Arutinian, David"]
[Black "Movsesian, Sergei"]
[Result "1/2-1/2"]
[WhiteElo "2555"]
[BlackElo "2627"]
[PlyCount "25"]
[EventDate "2019.03.18"]
[EventType "swiss"]
[EventRounds "11"]
[EventCountry "MKD"]
[SourceTitle "CBM 189"]
[Source "ChessBase"]
[SourceDate "2019.04.29"]
[SourceVersion "1"]
[SourceVersionDate "2019.04.29"]
[SourceQuality "1"]

1. Nf3 Nf6 2. c4 e6 3. e3 d5 4. b3 c5 5. Bb2 a6 6. Nc3 Nc6 7. cxd5 exd5 8. d4 Bg4 9. Be2 Bxf3 10. Bxf3 cxd4 11. exd4 Bb4 12. 0-0 0-0 13. Qd3 1/2-1/2

[Event "EU-ch 20th"]
[Site "Skopje"]
[Date "2019.03.21"]
[Round "4"]
[White "Arutinian, David"]
[Black "Paravyan, David"]
[Result "1/2-1/2"]
[WhiteElo "2555"]
[BlackElo "2627"]
[PlyCount "49"]
[EventDate "2019.03.18"]
[EventType "swiss"]
[EventRounds "11"]
[EventCountry "MKD"]
[SourceTitle "CBM 189"]
[Source "ChessBase"]
[SourceDate "2019.04.29"]
[SourceVersion "1"]
[SourceVersionDate "2019.04.29"]
[SourceQuality "1"]

1. Nf3 d5 2. e3 Nf6 3. c4 e6 4. b3 Nbd7 5. Bb2 Bd6 6. Nc3 0-0 7. d4 b6 8. Bd3 Bb7 9. 0-0 dxc4 10. bxc4 e5 11. Ng5 exd4 12. exd4 h6 13. Nf3 Re8 14. Nh4 g6 15. g3 Bf8 16. Qc2 Bg7 17. Rad1 Nf8 18. d5 Rc8 19. Rd2 Qd7 20. Rfd1 c6 21. Qb3 cxd5 22. cxd5 Bxd5 23. Nxd5 Qxd5 24. Qxd5 Nxd5 25. Bb5 1/2-1/2

[Event "EU-ch 20th"]
[Site "Skopje"]
[Date "2019.03.19"]
[Round "2"]
[White "Arutinian, David"]
[Black "Osmanodja, Filiz"]
[Result "1-0"]
[WhiteElo "2555"]
[BlackElo "2326"]
[PlyCount "87"]
[EventDate "2019.03.18"]
[EventType "swiss"]
[EventRounds "11"]
[EventCountry "MKD"]
[SourceTitle "CBM 189"]
[Source "ChessBase"]
[SourceDate "2019.04.29"]
[SourceVersion "1"]
[SourceVersionDate "2019.04.29"]
[SourceQuality "1"]

1. Nf3 c5 2. c4 Nc6 3. Nc3 e5 4. g3 g6 5. Bg2 Bg7 6. a3 a5 7. d3 Nge7 8. Nd2 d6 9. Nf1 0-0 10. Rb1 Rb8 11. Ne3 Nd4 12. Bd2 b5 13. Nxb5 Nxb5 14. cxb5 Rxb5 15. a4 Rb8 16. Nc4 d5 17. Bxa5 Qd7 18. Nb6 Qe6 19. Nxc8 Rfxc8 20. 0-0 Nc6 21. Bd2 Nd4 22. e4 dxe4 23. Bxe4 Rd8 24. Bc3 Nb3 25. Qe2 h5 26. Rfe1 h4 27. a5 hxg3 28. hxg3 Re8 29. Qf3 Rbd8 30. Bc6 Re7 31. Bb5 Nd4 32. Bxd4 cxd4 33. Bc4 Qd6 34. b4 Qc7 35. a6 Qb6 36. b5 Bh6 37. Kg2 Kg7 38. Qc6 Rb8 39. Qxb6 Rxb6 40. Ra1 Ra7 41. Rxe5 Bd2 42. Re8 f5 43. g4 Kf6 44. Kf3 1-0

[Event "EU-ch 20th"]
[Site "Skopje"]
[Date "2019.03.18"]
[Round "1"]
[White "Sukovic, Andrej"]
[Black "Arutinian, David"]
[Result "0-1"]
[WhiteElo "2235"]
[BlackElo "2555"]
[PlyCount "42"]
[EventDate "2019.03.18"]
[EventType "swiss"]
[EventRounds "11"]
[EventCountry "MKD"]
[SourceTitle "CBM 189"]
[Source "ChessBase"]
[SourceDate "2019.04.29"]
[SourceVersion "1"]
[SourceVersionDate "2019.04.29"]
[SourceQuality "1"]

1. e4 g6 2. d4 Bg7 3. Nc3 d6 4. f4 a6 5. Nf3 b5 6. Bd3 Nd7 7. e5 c5 8. 0-0 cxd4 9. Ne4 Nh6 10. a4 b4 11. Neg5 0-0 12. e6 Nc5 13. f5 gxf5 14. Nxh7 fxe6 15. Nxf8 Qxf8 16. Bc4 Ne4 17. Nxd4 Qf6 18. Nf3 Bb7 19. Be3 Ng4 20. Bd4 Qh6 21. Bxg7 Qe3+ 0-1

[Event "Amsterdam Batavia Grolsch 11th"]
[Site "Amsterdam"]
[Date "2019.03.10"]
[Round "9"]
[White "Meissner, Felix"]
[Black "Arutinian, David"]
[Result "1/2-1/2"]
[WhiteElo "2378"]
[BlackElo "2552"]
[PlyCount "58"]
[EventDate "2019.03.01"]
[EventType "tourn"]
[EventRounds "9"]
[EventCountry "NED"]
[EventCategory "8"]
[SourceTitle "CBM 189 Extra"]
[Source "ChessBase"]
[SourceDate "2019.06.03"]
[SourceVersion "1"]
[SourceVersionDate "2019.06.03"]
[SourceQuality "1"]

1. e4 c5 2. Nf3 e6 3. d4 cxd4 4. Nxd4 a6 5. Bd3 Qc7 6. Qe2 d6 7. c4 Nd7 8. Nc3 Ne5 9. 0-0 Nxd3 10. Qxd3 Nf6 11. b3 Be7 12. Qg3 0-0 13. Bb2 Re8 14. Rad1 b6 15. Rfe1 g6 16. Rd3 Bb7 17. Qh3 Bf8 18. Qh4 Bg7 19. Red1 h6 20. Nf3 Qe7 21. Qf4 b5 22. Ba3 e5 23. Qe3 Nxe4 24. Nxe4 Bxe4 25. Qxe4 d5 26. Bxe7 dxe4 27. Rd7 exf3 28. gxf3 bxc4 29. bxc4 Bf8 1/2-1/2

[Event "Amsterdam Batavia Grolsch blitz 11th"]
[Site "Amsterdam"]
[Date "2019.03.10"]
[Round "9.2"]
[White "Meissner, Felix"]
[Black "Arutinian, David"]
[Result "1-0"]
[WhiteElo "2378"]
[BlackElo "2552"]
[PlyCount "147"]
[EventDate "2019.03.01"]
[EventType "tourn (blitz)"]
[EventRounds "9"]
[EventCountry "NED"]
[SourceTitle "CBM 189 Extra"]
[Source "ChessBase"]
[SourceDate "2019.06.03"]
[SourceVersion "1"]
[SourceVersionDate "2019.06.03"]
[SourceQuality "1"]

1. e4 c5 2. Nc3 Nc6 3. Bb5 Nd4 4. Nf3 e6 5. 0-0 a6 6. Bd3 Nc6 7. Re1 d6 8. b3 g6 9. Bb2 Bg7 10. a4 Nge7 11. Bf1 0-0 12. Qc1 b6 13. Nd1 e5 14. d3 h6 15. Ne3 Be6 16. c4 f5 17. Nd5 f4 18. h3 g5 19. Nh2 Ng6 20. Be2 Nh4 21. Qd1 Kh8 22. Bg4 Bg8 23. Nf3 Ng6 24. Nh2 Rb8 25. Bh5 Nge7 26. Bg4 b5 27. axb5 axb5 28. Bc3 b4 29. Bb2 Nxd5 30. exd5 Ne7 31. Bf3 Qd7 32. Bg4 Qc7 33. Nf3 Bh7 34. Qc2 Bg6 35. Nd2 h5 36. Bf3 Nf5 37. Ne4 Nh4 38. Nxg5 Bh6 39. Ne4 Rg8 40. Kf1 Bf5 41. Nxd6 Nxf3 42. Nxf5 Qh7 43. gxf3 Qxf5 44. Bxe5+ Bg7 45. Bxg7+ Rxg7 46. Re4 Qf6 47. d4 cxd4 48. Qd3 Qh4 49. Qxd4 Rbg8 50. Ra7 Kh7 51. Rxg7+ Rxg7 52. Rxf4 Qxh3+ 53. Ke2 Re7+ 54. Re4 Rf7 55. Qd3 Kg7 56. Qd4+ Kh7 57. Qd3 Kg7 58. Qe3 Qg2 59. Re5 Kg6 60. Qe4+ Kg7 61. Rxh5 Qg1 62. Rh7+ Kg8 63. Rxf7 Kxf7 64. d6 Qa1 65. Qd5+ Ke8 66. Qe6+ Kf8 67. Qe7+ Kg8 68. d7 Qb2+ 69. Kf1 Qb1+ 70. Kg2 Qg6+ 71. Kh3 Qf5+ 72. Kg3 Qg6+ 73. Kf4 Qh6+ 74. Qg5+ 1-0